000 00658nam a2200253 a 4500
001 nice12345678
003 IN_TiNIC
005 20260116013119.0
008 050524s1994 lona grp 000 0 eng
020 _a0700773
_c949.5
082 0 0 _a297.211
_bNET
100 _aNetton, Ian Richard
245 _aAllah Transcendent
_b Studies in the Structure and Semiotics of Islamic Philo
260 _aLondon
_bCurzon Press
_c1994
300 _a383p
500 _aincludes index and biblioraphy
505 2 _aindex
650 _aAllah
650 _aGod-Islam
700 1 _aNetton, Ian Richard
902 _bSRS
942 _cBK
999 _c9710
_d9710